000 01023nam a2200277Ia 4500
003 GCL
008 140319s9999 xx 000 0 ara d
020 _a3235299953
040 _aGCL /
_cGCL
082 0 4 _a327.47
_bش ر
100 1 _aبسام شيحا
245 1 0 _aروسيا بوتين /
_cبسام شيحا
700 1 _aشيفتسوفا، ليليا
250 _aالاولى
260 _aبيروت :
_bالدار العربية للعلوم ،
_c2006
300 _a526 ص ؛
_c24 سم
650 0 4 _aالاتحاد السوفيتى - تاريخ
650 0 4 _aروسيا - الاحوال السياسية
650 0 4 _aروسيا - تاريخ - العصر الحديث
650 0 4 _aالارهاب الدولى
650 0 4 _aروسيا - العلاقات الخارجية
650 0 4 _aاحداث 11 سبتمبر - نتائج
650 0 4 _aفلاديمير بوتين - العلاقات الخارجية
650 0 4 _aبوريس يلتسين - العلاقات الخارجية
942 _2ddc
_cBK
999 _c9463
_d9463